উনিশ শতকে রাজশাহী জেলার মধ্যবিত্ত উদ্ভব ও বিকাশ / (Record no. 79733)
[ view plain ]
| 000 -LEADER | |
|---|---|
| fixed length control field | 01728nam a2200253 a 4500 |
| 001 - CONTROL NUMBER | |
| RUCL Control Number | 79733 |
| 003 - CONTROL NUMBER IDENTIFIER | |
| rucl marc code | BD-RjUL |
| 005 - DATE AND TIME OF LATEST TRANSACTION | |
| control field | 20230111133418.0 |
| 008 - FIXED-LENGTH DATA ELEMENTS--GENERAL INFORMATION | |
| fixed length control field | 220420s2003 bg a|||| m||| 00| 0 ben d |
| 035 ## - SYSTEM CONTROL NUMBER | |
| system control number | (BD-RjUL)79733 |
| 040 ## - CATALOGING SOURCE | |
| Original cataloging agency | BD-RjUL |
| Language of cataloging | ben / eng |
| Transcribing agency | BD-RjUL |
| Modifying agency | BD-RjUL |
| 041 ## - LANGUAGE CODE | |
| Language code of Book | ben |
| 082 ## - DEWEY DECIMAL CLASSIFICATION NUMBER | |
| Classification number | 954.924 |
| Author mark and Year | SUA 2003 |
| DDC Edition number | 23 |
| 100 ## - MAIN ENTRY--PERSONAL NAME | |
| Personal name | সারমিন, মোসা. ইয়াসমিন আকতার |
| 9 (RLIN) | 2599 |
| 245 01 - TITLE STATEMENT | |
| Title | উনিশ শতকে রাজশাহী জেলার মধ্যবিত্ত উদ্ভব ও বিকাশ / |
| Statement of responsibility, etc | মোসা. ইয়াসমিন আকতার সারমিন ; |
| Name of Supervisor/Co-Supervisor | গবেষনা তত্ত্বাবধায়ক : মোহাম্মদ মুহিবউল্যাহ ছিদ্দীকী |
| 260 ## - PUBLICATION, DISTRIBUTION, ETC. (IMPRINT) | |
| Place of publication, distribution, etc | রাজশাহী : |
| Name of publisher, distributor, etc | ইসলামের ইতিহাস ও সংস্কৃতি বিভাগ, রাজশাহী বিশ্ববিদ্যালয়, |
| Date of publication, distribution, etc | ২০০৩ |
| 300 ## - PHYSICAL DESCRIPTION | |
| Pagination | ix, ২৩৩ পাতা : |
| Other physical details | চিএ ; |
| Dimensions | ২৯ সেমি. |
| 502 ## - DISSERTATION NOTE | |
| Dissertation note | থিসিস (পিএইচ. ডি.) -- ইসলামের ইতিহাস ও সংস্কৃতি বিভাগ, রাজশাহী বিশ্ববিদ্যালয়,২০০৩ |
| 504 ## - BIBLIOGRAPHY, ETC. NOTE | |
| Bibliography, etc | গ্রন্থপঞ্জী : পাতা [২১৪]-২৩২ |
| 650 ## - SUBJECT ADDED ENTRY--TOPICAL TERM | |
| Topical term or geographic name as entry element | ইতিহাস |
| Geographic subdivision | রাজশাহী |
| Form subdivision | উনিশ শতক |
| 9 (RLIN) | 2600 |
| Topical term or geographic name as entry element | History |
| Geographic subdivision | Rajshahi |
| Form subdivision | Nineteenth century |
| 9 (RLIN) | 2601 |
| 700 ## - ADDED ENTRY--SUPERVISOR/CO-SUPERVISOR NAME | |
| Personal name | ছিদ্দীকী, মোহাম্মদ মুহিবউল্যাহ, গবেষনা তত্ত্বাবধায়ক |
| 9 (RLIN) | 2602 |
| 942 ## - ADDED ENTRY ELEMENTS (KOHA) | |
| Source of classification or shelving scheme | Dewey Decimal Classification |
| Koha item type | Theses |
| Source of classification or shelving scheme | Damaged status | Not for loan | Collection code | Permanent Location | Current Location | Shelving location | Date of accession | Source of acquisition | Total Checkouts | Full call number | Barcode | Date last seen | Copy number | Thesis |
|---|---|---|---|---|---|---|---|---|---|---|---|---|---|---|
| Dewey Decimal Classification | Not For Loan | Theses | Central Library, University of Rajshahi | Central Library, University of Rajshahi | Documentation Section | 12/04/2004 | Controller of Exam. R.U | BTHE 954.924 SUA 2003 | D2240 | 20/04/2022 | C-1 | Theses |